|
|
|
|
| LEADER |
01605nam a2200409Ia 4500 |
| 001 |
EBC182623 |
| 003 |
MiAaPQ |
| 005 |
20200520144314.0 |
| 006 |
m o d | |
| 007 |
cr cn||||||||| |
| 008 |
030806s2004 enka sb 001 0 eng d |
| 010 |
|
|
|z 2003058595
|
| 020 |
|
|
|z 0203502345
|
| 020 |
|
|
|z 0415318068
|
| 035 |
|
|
|a (MiAaPQ)EBC182623
|
| 035 |
|
|
|a (Au-PeEL)EBL182623
|
| 035 |
|
|
|a (CaPaEBR)ebr10098846
|
| 035 |
|
|
|a (CaONFJC)MIL1996
|
| 035 |
|
|
|a (OCoLC)437055634
|
| 040 |
|
|
|a MiAaPQ
|c MiAaPQ
|d MiAaPQ
|
| 050 |
|
4 |
|a HF1583
|b .T73 2004
|
| 082 |
0 |
4 |
|a 382/.3/095
|2 22
|
| 245 |
0 |
0 |
|a Trade liberalization and APEC
|h [electronic resource] /
|c edited by Jiro Okamoto.
|
| 260 |
|
|
|a London ;
|a New York :
|b Routledge,
|c 2004.
|
| 300 |
|
|
|a xvi, 271 p. :
|b ill.
|
| 490 |
1 |
|
|a Routledge studies in the modern world economy ;
|v 43
|
| 504 |
|
|
|a Includes bibliographical references (p. [254]-265) and index.
|
| 533 |
|
|
|a Electronic reproduction. Ann Arbor, MI : ProQuest, 2015. Available via World Wide Web. Access may be limited to ProQuest affiliated libraries.
|
| 650 |
|
0 |
|a International economic relations.
|
| 651 |
|
0 |
|a Asia
|x Commercial policy
|x Econometric models.
|
| 651 |
|
0 |
|a Pacific Area
|x Commercial policy
|x Econometric models.
|
| 655 |
|
4 |
|a Electronic books.
|
| 700 |
1 |
|
|a Okamoto, Jiro,
|d 1963-
|
| 710 |
2 |
|
|a Asia Pacific Economic Cooperation (Organization).
|b Economic Committee.
|
| 710 |
2 |
|
|a ProQuest (Firm)
|
| 830 |
|
0 |
|a Routledge studies in the modern world economy ;
|v 43.
|
| 856 |
4 |
0 |
|u https://ebookcentral.proquest.com/lib/matrademy/detail.action?docID=182623
|z Click to View
|